000 00804nam a2200229Ia 4500
003 BUBTL
008 151213s9999 xx 000 0 und d
041 _aবাংলা
082 _a345.0436/ H211p/ 2009
100 _aহক, ডঃ মোঃ নূরুল
_95390
245 _aসম্পত্তি হস্তান্তর আইন ও আলোচনা/
_cড. মো: নুরুল হক
250 _a৬ষ্ঠ সং
260 _aঢাকা
_bএম এ কে সারওয়ার পারভেজ
_cc2009
300 _a264p. :
_bill. ; 21 cm.
526 _aLaw
650 _aLaw
650 _a
700 _aড. মো: নুরুল হক
_95372
856 _k0
_l0
_yDownload
942 _2ddc
_cBK
999 _c4055
_d4055